| 000 | 00554nam a22001817a 4500 | ||
|---|---|---|---|
| 020 | _a979-8-214-0503-00 | ||
| 082 | _a658.4012 | ||
| 100 | _aHitt, Michael A...[et al.] | ||
| 245 |
_aStrategic Management: _bCompetitiveness & Globalization, Concepts & Cases |
||
| 250 | _a14th | ||
| 260 |
_aAustralia: _bCengage Learning, _c2024 |
||
| 300 | _axxi, 620 (Mxd) p.: ill.; 28cm | ||
| 500 | _aIncludes Bibliographical Reference and Index | ||
| 700 | _aIreland, R. Duane | ||
| 700 | _aHoskisson, Robert E. | ||
| 700 | _aHarrison, Jeffrey S. | ||
| 942 | _cBK | ||
| 999 |
_c22238 _d22238 |
||